LEADER 01069nam a2200205 i 4500 001 000000033506 003 CaOOAMICUS 005 20230503143321.0 008 180830s1893 it u000 u ita u 040 $aSeMil$bita 111 2 $aCongresso cattolico italiano degli studiosi di scienze sociali <1. ; 1892 ; Genova>.$0(OLS)http://semarc/name/15350 245 10$aAtti del primo congresso cattolico italiano degli studiosi di scienze sociali tenuto in Genova nei giorni 8, 9, 10, 11 Ottobre 1892. 260 $aPadova :$bTipografia del Seminario,$c1893- 300 $a2 v. ;$c25 cm. 650 4$aScienze sociali - Atti di congressi.$0(OLS)http://semarc/subject/5350 650 4$aCattolici italiani - Congressi.$0(OLS)http://semarc/subject/752 774 0 $t1: Documenti.$g1$w()135016 996 $6245$aAtti del primo congresso cattolico italiano degli studiosi di scienze sociali tenuto in Genova nei giorni 8, 9, 10, 11 Ottobre 1892$9(OLS)http://semarc/title/45329 996 $6260$aPadova :$bTipografia del Seminario$9(OLS)http://semarc/publisher/33223 LEADER 00436nab a2200145 i 4500 001 000000273539 003 CaOOAMICUS 005 20180831164938.0 008 180831n xx uu u0 0und r 013 $a21843 040 $aSeMil$bita 245 10$a[vedi periodico]. 500 $a2010/3-4. 773 0 $tRelics in Comparative Perspective.$dLeiden ; Boston : Brill, copyr. 2010.$w()191461 996 $6245$a[vedi periodico]$9(OLS)http://semarc/title/309439